Pastoral nomadism in the Mari kingdom (ca. 1830 - 1760 B.C.)
| Main Author: | |
|---|---|
| Format: | Print Book |
| Language: | English |
| Subito Delivery Service: | Order now. |
| Check availability: | HBZ Gateway |
| WorldCat: | WorldCat |
| Interlibrary Loan: | Interlibrary Loan for the Fachinformationsdienste (Specialized Information Services in Germany) |
| Published: |
Cambridge, Mass.
American Schools of Oriental Research
1978
|
| In: |
Dissertation series / American Schools of Oriental Research (3)
Year: 1978 |
| Series/Journal: | Dissertation series / American Schools of Oriental Research
3 |
| Further subjects: | B
Mari (Extinct city) Civilization
B Nomads Syria Mari (Extinct city) B Thesis |
MARC
| LEADER | 00000cam a2200000 c 4500 | ||
|---|---|---|---|
| 001 | 1138738395 | ||
| 003 | DE-627 | ||
| 005 | 20251225180548.0 | ||
| 007 | tu | ||
| 008 | 980923s1978 xxu||||| m 00| ||eng c | ||
| 010 | |a 78016341 | ||
| 020 | |a 0897571037 |9 0-89757-103-7 | ||
| 035 | |a (DE-627)1138738395 | ||
| 035 | |a (DE-576)068738390 | ||
| 035 | |a (DE-599)BSZ068738390 | ||
| 035 | |a (OCoLC)4056038 | ||
| 035 | |a (OCoLC)04056038 | ||
| 040 | |a DE-627 |b ger |c DE-627 |e rakwb | ||
| 041 | |a eng | ||
| 044 | |c XD-US | ||
| 050 | 0 | |a DS99.M3 | |
| 082 | 0 | |a 935/.02 | |
| 084 | |a 6,22 |a 1 |2 ssgn | ||
| 100 | 1 | |0 (DE-588)1042490872 |0 (DE-627)769064612 |0 (DE-576)16216341X |4 aut |a Matthews, Victor H. |d 1950- | |
| 109 | |a Matthews, Victor H. 1950- |a Matthews, Victor Harold 1950- |a Matthews, V. H. 1950- |a Matthews, V.H. 1950- | ||
| 245 | 1 | 0 | |a Pastoral nomadism in the Mari kingdom (ca. 1830 - 1760 B.C.) |c by Victor Harold Matthews |
| 264 | 1 | |a Cambridge, Mass. |b American Schools of Oriental Research |c 1978 | |
| 300 | |a XIII, 213 S. | ||
| 336 | |a Text |b txt |2 rdacontent | ||
| 337 | |a ohne Hilfsmittel zu benutzen |b n |2 rdamedia | ||
| 338 | |a Band |b nc |2 rdacarrier | ||
| 361 | 1 | |5 DE-18-303 |y 4579081528 |s 4-AS/ EM 2700 M442 |o Vorbesitz |a Renger, Johannes |0 (DE-588)121653331 |0 (DE-627)08144611X |0 (DE-576)213846241 |f Einband |f Autogramm |f Notiz |k 1980 |z [Chicago] | |
| 490 | 1 | |a Dissertation series / American Schools of Oriental Research |v 3 | |
| 500 | |a Originally presented as the author's thesis, Brandeis, 1977 | ||
| 500 | |a Bibliography: S. 193-213 | ||
| 500 | |a Includes index | ||
| 502 | |a Zugl.: Brandeis, Univ., Diss. | ||
| 583 | 1 | |a Archivierung/Langzeitarchivierung gewährleistet |f SSG |x XA-DE-BW |2 pdager |5 DE-21 | |
| 653 | 0 | |a Mari (Extinct city) |a Civilization | |
| 653 | 0 | |a Nomads |a Syria |a Mari (Extinct city) | |
| 655 | 7 | |a Hochschulschrift |0 (DE-588)4113937-9 |0 (DE-627)105825778 |0 (DE-576)209480580 |2 gnd-content | |
| 751 | |a Brandeis |4 uvp | ||
| 810 | 2 | |a American Schools of Oriental Research |t Dissertation series / American Schools of Oriental Research |v 3 |9 3 |w (DE-627)168449838 |w (DE-576)9168449836 |w (DE-600)752549-7 |7 am | |
| 889 | |w (DE-627)11104152X | ||
| 935 | |a mteo | ||
| 935 | |i mdedup | ||
| 951 | |a BO | ||
| BIB | |a 1 | ||
| ELC | |b 1 | ||
| ITA | |a 1 |t 1 | ||
| LOK | |0 000 xxxxxcx a22 zn 4500 | ||
| LOK | |0 001 2334904945 | ||
| LOK | |0 003 DE-627 | ||
| LOK | |0 004 1138738395 | ||
| LOK | |0 005 20110921151850 | ||
| LOK | |0 008 980923||||||||||||||||ger||||||| | ||
| LOK | |0 040 |a DE-21 |c DE-627 |d DE-21 | ||
| LOK | |0 852 |a DE-21 | ||
| LOK | |0 852 1 |c 19 A 16149 |9 00 | ||
| LOK | |0 935 |a kram |a konv |a alto | ||
| LOK | |0 936ln |a t16.3 | ||
| LOK | |0 939 |a 23-09-98 |b l01 | ||
| LOK | |0 000 xxxxxcx a22 zn 4500 | ||
| LOK | |0 001 2334904961 | ||
| LOK | |0 003 DE-627 | ||
| LOK | |0 004 1138738395 | ||
| LOK | |0 005 20100408094038 | ||
| LOK | |0 008 010716||||||||||||||||ger||||||| | ||
| LOK | |0 040 |a DE-21-31 |c DE-627 |d DE-21-31 | ||
| LOK | |0 541 |e 01/1075 | ||
| LOK | |0 852 |a DE-21-31 | ||
| LOK | |0 852 1 |c Ce IV 34 |m p |9 00 | ||
| LOK | |0 938 |k p | ||
| LOK | |0 938 |l E3 |8 0 | ||
| LOK | |0 939 |a 16-07-01 |b l01 | ||
| LOK | |0 000 xxxxxcx a22 zn 4500 | ||
| LOK | |0 001 2334904988 | ||
| LOK | |0 003 DE-627 | ||
| LOK | |0 004 1138738395 | ||
| LOK | |0 005 20100408094039 | ||
| LOK | |0 008 031216||||||||||||||||ger||||||| | ||
| LOK | |0 040 |a DE-21-31 |c DE-627 |d DE-21-31 | ||
| LOK | |0 541 |e 274/80 (BAI) | ||
| LOK | |0 852 |a DE-21-31 | ||
| LOK | |0 852 1 |c Lf III d 119 |m p |9 00 | ||
| LOK | |0 938 |k p | ||
| LOK | |0 939 |a 16-12-03 |b l02 | ||
| ORI | |a SA-MARC-ixtheoa001.raw | ||
| REL | |a 1 | ||
| SUB | |a BIB |a REL | ||